[Event "Roncana op-B 14th"]
[Site "Santa Eulalia de Roncana"]
[Date "2022.11.12"]
[Round "5"]
[White "Martinez Rocamora, Didac"]
[Black "Duran Romero, Ali Rafael"]
[Result "1-0"]
[WhiteElo "1565"]
[BlackElo "1421"]
[PlyCount "107"]
[EventDate "2022.10.08"]
[EventType "swiss"]
[EventRounds "8"]
[EventCountry "ESP"]
[SourceTitle "EXT 2024"]
[Source "ChessBase"]
[SourceDate "2023.10.10"]
[SourceVersion "1"]
[SourceVersionDate "2023.10.10"]
[SourceQuality "1"]

1. c4 e5 2. g3 Nf6 3. Bg2 Nc6 4. Nc3 Bc5 5. e3 a6 6. Nf3 0-0 7. 0-0 d6 8. d4 Ba7 9. a3 Bg4 10. Ne2 Rb8 11. d5 Ne7 12. Ng5 h6 13. Ne4 Nxe4 14. Bxe4 f5 15. Bg2 f4 16. exf4 exf4 17. Bxf4 Rxf4 18. gxf4 Qd7 19. Qd2 Ng6 20. h3 Bxh3 21. Qd3 Bxg2 22. Kxg2 Nh4+ 23. Kh1 Rf8 24. Qg3 Nf5 25. Qg4 Qe7 26. Rae1 Qe4+ 27. Qg2 Qe7 28. Ng3 Qh4+ 29. Qh2 Qxf4 30. Nxf5 Qxf5 31. Re7 Bd4 32. Rxc7 Be5 33. f4 Rf6 34. Rg1 Bxf4 35. Rcxg7+ Kf8 36. Rg8+ Ke7 37. R1g7+ Rf7 38. Qh4+ Bg5 39. Qe1+ Kf6 40. Rg6+ Qxg6 41. Rxg6+ Kxg6 42. Qe4+ Kh5 43. Qe8 Kg6 44. b4 Kf6 45. Qe6+ Kg7 46. Qxd6 Rf6 47. Qc7+ Rf7 48. Qe5+ Bf6 49. Qg3+ Bg5 50. d6 Kf8 51. Qe5 Bf6 52. Qc5 Ke8 53. Qc8+ Bd8 54. Qe6+ 1-0